| 000 | 00854nam a2200229Ia 4500 | ||
|---|---|---|---|
| 003 | Ost | ||
| 005 | 20260507075747.0 | ||
| 008 | 260507s9999||||xx |||||||||||||| ||und|| | ||
| 020 | _a9957858823 | ||
| 040 | _cfsecg | ||
| 041 | _aara | ||
| 082 | _a350 | ||
| 100 |
_aالقريوتي ،محمد قاسم _eمؤلف |
||
| 245 | 0 |
_aنظرية المنظمة والتنظيم / _cمحمد قاسم القريوتي |
|
| 260 |
_aعمان: _bدار وائل للنشر, _c2008 |
||
| 300 |
_a423 صفحة؛ _bإيضاحات ؛ _c25 سم |
||
| 520 | _aاالإطار العام لعلم التنظيم ومحددات الهيكل التنظي لتصميم التنظيمي وقضايا رئيسية في نظرية التظيم. | ||
| 653 | _aالادارة العامة | ||
| 653 | _aالتنظيم | ||
| 653 | _aالمنظمات | ||
| 942 | _cكتاب | ||
| 999 |
_c46210 _d46210 |
||